[Event "Schachsommer 2019"]
[Site "Dresden"]
[Date "2019.08.18"]
[Round "9.1"]
[White "Efimenko, Zahar"]
[Black "Heimann, Andreas"]
[Result "1/2-1/2"]
[WhiteElo "2608"]
[BlackElo "2634"]
[Annotator "TA"]
[PlyCount "80"]
[EventDate "2019.08.10"]
[EventType "swiss"]
[EventCountry "GER"]
[SourceTitle "playchess.com"]
[Source "ChessBase"]
[SourceQuality "1"]

{[%evp 15,80,22,30,5,11,8,10,10,10,8,10,10,10,12,14,8,18,25,11,8,9,8,8,8,8,8,12,0,0,0,0,0,0,10,8,0,24,14,21,0,0,0,0,0,0,0,0,0,0,0,0,0,6,0,0,0,0,0,0,0,0,0,0,0,0,0,0]} 1. e4 e5 2. Nf3 Nc6 3. Bb5 Nf6 4. O-O Nxe4 5. Re1 Nd6 6. Nxe5 Be7 7. Bf1 Nxe5 8. Rxe5 O-O 9. Nc3 {C67: Ruy Lopez: Berlin Defence: 4 0-0 Nxe4} Ne8 10. Nd5 Bd6 11. Re1 c6 12. Ne3 Be7 13. c4 Nc7 14. d4 d5 15. cxd5 Bb4 16. Bd2 Bxd2 17. Qxd2 {With the idea dxc6.} Nxd5 18. Nxd5 Qxd5 {[#]} 19. Re5 $146 Qd6 20. Bc4 Bd7 21. Rae1 b5 22. Bb3 a5 23. a3 a4 24. Ba2 Rae8 25. Qc3 Rxe5 26. dxe5 Qe7 {The position is equal.} 27. h3 Be6 28. Bxe6 Qxe6 $11 {[%mdl 4096] Endgame KQR-KQR} 29. Rd1 f6 30. Rd6 Qxe5 31. Qxe5 fxe5 32. Rxc6 {KR-KR} Rd8 33. Rc5 b4 34. Rxe5 Rd1+ 35. Kh2 Rd2 36. Ra5 Rxb2 37. Rxa4 bxa3 $1 38. Rxa3 Rxf2 39. Kg3 Rb2 40. Ra7 h6 {Accuracy: White = 67%, Black = 92%.} 1/2-1/2

[Event "Schachsommer 2019"]
[Site "Dresden"]
[Date "2019.08.18"]
[Round "9.2"]
[White "Dahl, Christoph"]
[Black "Jablonicky, Martin"]
[Result "0-1"]
[WhiteElo "2063"]
[BlackElo "2378"]
[Annotator "NA"]
[PlyCount "64"]
[EventDate "2019.08.10"]
[EventType "swiss"]
[EventCountry "GER"]
[SourceTitle "playchess.com"]
[Source "ChessBase"]
[SourceQuality "1"]
[TimeControl "40/5400+30:1800+30"]

1. e4 {[%emt 1:30:27]} c5 {[%emt 1:30:57]} 2. Nf3 {[%emt 1:30:48]} d6 {[%emt 1:29:08]} 3. d4 {[%emt 1:31:09]} cxd4 {[%emt 1:29:32]} 4. Nxd4 {[%emt 1:30:02]} Nf6 {[%emt 1:29:53]} 5. Nc3 {[%emt 1:31:46]} a6 {[%emt 1:30:18]} 6. Bg5 {[%emt 1:30:48]} e6 {[%emt 1:30:43]} 7. f4 {[%emt 1:32:06]} Nbd7 {[%emt 5:56:38]} 8. Qf3 {[%emt 1:31:29]} h6 {[%emt 1:31:22]} 9. Bh4 {[%emt 1:32:28]} e5 {[%emt 1:31:47]} 10. Nf5 {[%emt 1:32:17]} exf4 {[%emt 1:32:03]} 11. Bxf6 {[%emt 1:31:49]} Nxf6 {[%emt 1:32:25]} 12. Qxf4 {[%emt 1:32:14]} Bxf5 {[%emt 1:32:49]} 13. Qxf5 {[%emt 1:33:19]} g6 {[%emt 1:33:12]} 14. Qf3 {[%emt 1:30:59]} Bg7 {[%emt 1:33:22]} 15. O-O-O {[%emt 1:33:52]} Qc7 {[%emt 1:22:18]} 16. Kb1 {[%emt 1:22:48]} O-O {[%emt 1:19:35]} 17. g4 {[%emt 1:14:39]} Rac8 {[%emt 1:18:08]} 18. Bd3 {[%emt 1:14:07]} Qb6 {[%emt 1:15:47]} 19. e5 {[%emt 1:16:17]} dxe5 {[%emt 1:08:25]} 20. Ne4 {[%emt 1:12:41]} Nd5 {[%emt 1:04:54]} 21. Qf2 {[%emt 1:02:05]} Nc3+ {[%emt 1:04:25]} 22. Ka1 {[%emt 1:02:07]} Qxf2 {[%emt 1:04:43]} 23. Nxf2 {[%emt 1:02:33]} Nxd1 {[%emt 1:05:08]} 24. Rxd1 {[%emt 1:02:59]} f5 {[%emt 1:04:37]} 25. gxf5 {[%emt 1:01:58]} gxf5 {[%emt 1:04:41]} 26. c3 {[%emt 1:01:35]} e4 {[%emt 1:04:22]} 27. Bc2 {[%emt 1:01:54]} e3 {[%emt 1:04:17]} 28. Nd3 {[%emt 1:01:39]} f4 {[%emt 1:04:26]} 29. Bb3+ {[%emt 1:00:17]} Kh8 {[%emt 1:04:34]} 30. Be6 {[%emt 1:00:17]} Rce8 {[%emt 1:04:40]} 31. Bg4 {[%emt 0:59:54]} f3 {[%emt 1:04:49]} 32. Bh5 {[%emt 1:00:11]} Rd8 {[%emt 1:04:53]} 0-1

[Event "Schachsommer 2019"]
[Site "Dresden"]
[Date "2019.08.18"]
[Round "9.3"]
[White "Nothnagel, Marian Can"]
[Black "Mkrtchian, Lilit"]
[Result "0-1"]
[WhiteElo "2388"]
[BlackElo "2395"]
[Annotator "NA"]
[PlyCount "74"]
[EventDate "2019.08.10"]
[EventType "swiss"]
[EventCountry "GER"]
[SourceTitle "playchess.com"]
[Source "ChessBase"]
[SourceQuality "1"]
[TimeControl "40/5400+30:1800+30"]

1. e4 {[%emt 1:30:27]} c5 {[%emt 1:28:13]} 2. Nf3 {[%emt 1:30:51]} Nc6 {[%emt 1:31:21]} 3. Bb5 {[%emt 1:30:56]} g6 {[%emt 1:28:35]} 4. O-O {[%emt 1:31:10]} Bg7 {[%emt 1:31:40]} 5. c3 {[%emt 1:29:19]} Nf6 {[%emt 1:28:30]} 6. Re1 {[%emt 1:27:26]} O-O {[%emt 1:28:34]} 7. Bf1 {[%emt 1:23:39]} e5 {[%emt 1:15:30]} 8. b4 {[%emt 1:11:12]} cxb4 {[%emt 1:01:10]} 9. cxb4 {[%emt 1:11:40]} d5 {[%emt 1:12:10]} 10. b5 {[%emt 0:47:49]} dxe4 {[%emt 0:56:02]} 11. bxc6 {[%emt 0:47:49]} exf3 {[%emt 0:48:19]} 12. Ba3 {[%emt 0:29:55]} Re8 {[%emt 0:53:44]} 13. cxb7 {[%emt 0:21:53]} Bxb7 {[%emt 0:54:03]} 14. gxf3 {[%emt 0:22:14]} e4 {[%emt 0:40:27]} 15. Nc3 {[%emt 0:18:36]} exf3 {[%emt 0:40:43]} 16. Rb1 {[%emt 0:15:49]} Qd7 {[%emt 0:31:03]} 17. Rxe8+ {[%emt 0:10:33]} Rxe8 {[%emt 0:31:27]} 18. Qa4 {[%emt 0:11:00]} Bc6 {[%emt 0:31:38]} 19. Qf4 {[%emt 0:32:08]} Nh5 {[%emt 0:22:05]} 20. Qd6 {[%emt 0:11:09]} Qc8 {[%emt 0:15:57]} 21. Nd5 {[%emt 0:09:59]} Bxd5 {[%emt 0:14:25]} 22. Qxd5 {[%emt 0:10:24]} Qg4+ {[%emt 0:12:25]} 23. Kh1 {[%emt 0:10:52]} Nf4 {[%emt 0:08:35]} 24. Qc6 {[%emt 0:11:16]} Rc8 {[%emt 0:08:39]} 25. Qe4 {[%emt 0:11:41]} Nh3 {[%emt 0:08:01]} 26. Qxg4 {[%emt 0:11:19]} Nxf2+ {[%emt 0:08:28]} 27. Kg1 {[%emt 0:11:45]} Nxg4 {[%emt 0:08:55]} 28. Rb4 {[%emt 0:11:56]} h5 {[%emt 0:07:21]} 29. h3 {[%emt 0:07:51]} Ne5 {[%emt 0:07:34]} 30. Re4 {[%emt 0:11:02]} Rd8 {[%emt 0:05:45]} 31. Bc5 {[%emt 0:09:26]} Rxd2 {[%emt 0:05:26]} 32. Bxa7 {[%emt 0:09:47]} Rxa2 {[%emt 0:05:22]} 33. Bf2 {[%emt 0:09:50]} g5 {[%emt 0:03:41]} 34. h4 {[%emt 0:08:56]} g4 {[%emt 0:02:47]} 35. Bg3 Ng6 36. Rc4 {[%emt 0:07:38]} Rd2 {[%emt 0:02:12]} 37. Bf2 {[%emt 0:07:41]} Be5 {[%emt 0:02:15]} 0-1

[Event "Schachsommer 2019"]
[Site "Dresden"]
[Date "2019.08.18"]
[Round "9.4"]
[White "Kambrath, Yannick"]
[Black "Mirimanian, Hayk"]
[Result "1-0"]
[WhiteElo "2344"]
[BlackElo "2240"]
[Annotator "NA"]
[PlyCount "65"]
[EventDate "2019.08.10"]
[EventType "swiss"]
[EventCountry "GER"]
[SourceTitle "playchess.com"]
[Source "ChessBase"]
[SourceQuality "1"]
[TimeControl "40/5400+30:1800+30"]

1. c4 {[%emt 1:30:19]} e5 {[%emt 1:29:58]} 2. Nc3 {[%emt 1:30:32]} Nc6 {[%emt 1:31:02]} 3. Nf3 {[%emt 1:29:47]} Nf6 {[%emt 1:28:31]} 4. e3 {[%emt 1:29:01]} Bb4 {[%emt 1:17:30]} 5. Qc2 {[%emt 1:23:48]} O-O {[%emt 1:10:10]} 6. Nd5 {[%emt 1:12:36]} Re8 {[%emt 7:19:32]} 7. Qf5 {[%emt 0:57:41]} Nxd5 {[%emt 0:35:51]} 8. cxd5 {[%emt 0:58:50]} d6 {[%emt 0:59:20]} 9. Qh5 {[%emt 0:41:23]} Ne7 {[%emt 0:33:48]} 10. Ng5 {[%emt 0:40:25]} Ng6 {[%emt 0:33:27]} 11. Bd3 {[%emt 0:32:50]} Qf6 {[%emt 0:33:20]} 12. Nxh7 {[%emt 0:32:17]} Qh4 {[%emt 0:23:44]} 13. Bxg6 {[%emt 0:30:44]} Qxh5 {[%emt 0:24:10]} 14. Bxh5 {[%emt 0:30:57]} Kxh7 {[%emt 0:24:37]} 15. Bxf7 {[%emt 0:30:40]} Rf8 {[%emt 0:31:10]} 16. Bh5 {[%emt 0:30:45]} e4 {[%emt 0:20:38]} 17. a3 {[%emt 0:28:13]} Ba5 {[%emt 0:20:17]} 18. b4 {[%emt 0:27:52]} Bb6 {[%emt 0:20:42]} 19. Bb2 {[%emt 0:27:54]} Rf5 {[%emt 0:20:02]} 20. Bd1 {[%emt 0:27:39]} c6 {[%emt 0:11:27]} 21. dxc6 {[%emt 0:26:49]} bxc6 {[%emt 0:11:32]} 22. Bc2 {[%emt 0:26:01]} d5 {[%emt 0:11:56]} 23. d3 {[%emt 0:25:51]} Rg5 {[%emt 0:10:43]} 24. dxe4 {[%emt 0:25:46]} Rxg2 {[%emt 0:10:34]} 25. exd5+ {[%emt 0:11:04]} g6 {[%emt 0:10:02]} 26. Be4 {[%emt 0:24:24]} Rg4 {[%emt 0:10:12]} 27. Bf3 {[%emt 0:23:35]} Rc4 {[%emt 0:10:31]} 28. dxc6 {[%emt 0:17:05]} Rc2 {[%emt 0:17:35]} 29. c7 {[%emt 0:14:44]} Ba6 {[%emt 0:15:14]} 30. Bxa8 {[%emt 0:14:40]} Re2+ {[%emt 0:02:55]} 31. Kd1 {[%emt 0:12:43]} Rxb2 {[%emt 0:03:17]} 32. Rc1 {[%emt 0:12:51]} Bc8 {[%emt 0:03:07]} 33. Rc2 {[%emt 0:12:15]} 1-0

[Event "Schachsommer 2019"]
[Site "Dresden"]
[Date "2019.08.18"]
[Round "9.5"]
[White "Gajek, Radoslaw"]
[Black "Wichmann, Cliff"]
[Result "1-0"]
[WhiteElo "2423"]
[BlackElo "2280"]
[Annotator "NA"]
[PlyCount "79"]
[EventDate "2019.08.10"]
[EventType "swiss"]
[EventCountry "GER"]
[SourceTitle "playchess.com"]
[Source "ChessBase"]
[SourceQuality "1"]
[TimeControl "40/5400+30:1800+30"]

1. c4 {[%emt 1:30:25]} e6 {[%emt 1:30:23]} 2. Nf3 {[%emt 1:30:28]} d5 {[%emt 1:30:58]} 3. d4 {[%emt 1:30:41]} Nf6 {[%emt 1:30:49]} 4. g3 {[%emt 1:31:06]} Be7 {[%emt 1:30:54]} 5. Bg2 {[%emt 1:28:15]} O-O {[%emt 1:31:15]} 6. O-O {[%emt 1:28:42]} dxc4 {[%emt 1:29:12]} 7. Qc2 {[%emt 1:29:08]} b6 {[%emt 1:29:38]} 8. Ne5 {[%emt 1:23:55]} Qxd4 {[%emt 1:31:53]} 9. Bxa8 {[%emt 1:23:32]} Qxe5 {[%emt 1:32:13]} 10. Bf3 {[%emt 1:32:43]} Nd5 {[%emt 1:24:01]} 11. Qxc4 {[%emt 1:20:35]} Ba6 {[%emt 1:32:53]} 12. Qe4 {[%emt 1:19:12]} Nd7 {[%emt 1:29:46]} 13. Nd2 {[%emt 1:16:21]} Rd8 {[%emt 1:24:59]} 14. Nb3 {[%emt 1:12:30]} Qxe4 {[%emt 1:11:55]} 15. Bxe4 {[%emt 1:11:31]} Bxe2 {[%emt 1:12:21]} 16. Re1 {[%emt 1:10:51]} Bc4 {[%emt 1:11:21]} 17. Nd2 {[%emt 1:10:53]} Bb4 {[%emt 1:09:22]} 18. a3 {[%emt 1:05:58]} Bxd2 {[%emt 1:06:28]} 19. Bxd2 {[%emt 1:06:25]} Nc5 {[%emt 1:08:51]} 20. Bc2 {[%emt 1:05:08]} Nd3 {[%emt 1:05:38]} 21. Re4 {[%emt 1:07:49]} Ba6 {[%emt 1:04:16]} 22. b4 {[%emt 0:57:11]} Nf6 {[%emt 1:03:32]} 23. Bg5 {[%emt 0:53:29]} Rd5 {[%emt 0:53:59]} 24. Bxf6 gxf6 {[%emt 0:48:05]} 25. Rd1 {[%emt 0:48:05]} Ne5 {[%emt 0:55:34]} 26. f4 {[%emt 0:43:45]} Nf3+ {[%emt 0:54:29]} 27. Kf2 {[%emt 0:54:59]} Nd2 {[%emt 0:54:46]} 28. Re3 {[%emt 0:41:50]} c6 {[%emt 0:45:04]} 29. Ke1 {[%emt 0:35:06]} Nf1 {[%emt 0:35:36]} 30. Rc3 {[%emt 0:30:53]} Nxh2 {[%emt 0:41:49]} 31. Rxd5 {[%emt 0:22:50]} cxd5 {[%emt 0:38:22]} 32. Bd1 {[%emt 0:22:35]} d4 {[%emt 0:24:45]} 33. Rc7 {[%emt 0:19:57]} Nf1 {[%emt 0:20:27]} 34. Rxa7 {[%emt 0:20:11]} Bd3 {[%emt 0:24:52]} 35. Be2 {[%emt 0:15:42]} Bxe2 {[%emt 0:24:32]} 36. Kxe2 {[%emt 0:16:10]} Nxg3+ {[%emt 0:16:40]} 37. Kf3 {[%emt 0:16:34]} Nf5 {[%emt 0:24:27]} 38. a4 {[%emt 0:16:54]} h5 {[%emt 0:18:38]} 39. a5 {[%emt 0:17:07]} bxa5 {[%emt 0:19:03]} 40. bxa5 1-0